[Event "Fajr op 20th"]
[Site "Tabriz"]
[Date "2012.01.12"]
[Round "1"]
[White "Feyz Javadian, Sayed Jafar"]
[Black "Pantsulaia, Levan"]
[Result "0-1"]
[WhiteElo "1720"]
[BlackElo "2592"]
[PlyCount "72"]
[EventDate "2012.01.12"]
[EventType "swiss"]
[EventRounds "11"]
[EventCountry "IRI"]
[SourceTitle "CBM 146 Extra"]
[Source "ChessBase"]
[SourceDate "2012.02.29"]
[SourceVersion "1"]
[SourceVersionDate "2012.02.29"]
[SourceQuality "1"]

1. e4 c5 2. Nf3 e6 3. d4 cxd4 4. Nxd4 a6 5. Nc3 b5 6. a3 Bb7 7. Be3 Qc7 8. Qd2 Nf6 9. f3 d5 10. Bf4 Qb6 11. e5 Nfd7 12. Nb3 Qc7 13. 0-0-0 Nxe5 14. Qd4 Nbc6 15. Bxb5 axb5 16. Nxb5 Qd8 17. Qc3 Bd6 18. Rhe1 Nd3+ 19. Rxd3 Bxf4+ 20. Kb1 0-0 21. g3 Bg5 22. f4 Bf6 23. Qd2 Qb6 24. Nc3 Ba6 25. Rf3 Nd4 26. Rfe3 Nxb3 27. cxb3 d4 28. Ne4 dxe3 29. Nxf6+ gxf6 30. Qc3 Kg7 31. Rxe3 Rac8 32. Qe1 Rfd8 33. g4 Qxe3 34. Qxe3 Rd1+ 35. Ka2 Rcc1 36. b4 Bc4+ 0-1